[Event "Mechanics' Winter TNM; 30/90, SD/30"]
[Site "San Francisco"]
[Date "2012.01.31"]
[Round "5.14"]
[White "Dembling, Arthur"]
[Black "Eytan, David"]
[Result "1-0"]
[WhiteElo "1736"]
[BlackElo "1608"]
[Annotator "Donaldson"]
[PlyCount "82"]
[EventDate "2012.??.??"]

1. e4 c5 2. Nf3 Nc6 3. Bb5 d6 4. Bxc6+ bxc6 5. O-O Nf6 6. Re1 g6 (6... e5) 7.
d3 Bg7 8. e5 Ng4 9. exd6 Qxd6 10. h3 h5 11. Nbd2 Rb8 12. Nc4 Qc7 13. Bg5 Be6
14. Rb1 (14. Qd2 $1 $18) 14... Bd4 $2 (14... Nf6) 15. Re2 Bxf2+ $4 16. Rxf2
Nxf2 17. Kxf2 Bxc4 18. dxc4 Rd8 19. Qe2 Qd7 20. Re1 O-O 21. Qxe7 Qf5 22. Qe4
Qxe4 23. Rxe4 Rfe8 24. Rxe8+ Rxe8 25. Be3 Re4 26. b3 a5 27. a4 $1 f6 28. Bxc5
Kf7 29. Bb6 g5 30. Be3 (30. Bxa5) 30... g4 31. hxg4 hxg4 32. Nd4 c5 33. Nb5 g3+
34. Kf3 Re5 35. Bf4 Re1 36. Be3 Ke6 37. Nc3 f5 38. Nd5 Ke5 39. Bf4+ Kd4 40.
Bxg3 Rc1 41. Bf2+ Ke5 1-0

[Event "Mechanics' Mar TNM; 30/90, SD/30"]
[Site "San Francisco"]
[Date "2012.09.11"]
[Round "7.19"]
[White "Dembling, Arthur"]
[Black "Flores, David"]
[Result "0-1"]
[WhiteElo "1732"]
[BlackElo "1605"]
[PlyCount "132"]
[EventDate "2012.??.??"]

1. e4 e5 2. Nf3 Nc6 3. Bb5 d6 4. d4 Bd7 5. Nc3 exd4 6. Nxd4 Ne5 7. O-O c6 8.
Ba4 Be7 9. f4 Ng6 10. Bb3 Nf6 11. Qe2 O-O 12. Kh1 Qc7 13. Be3 a6 14. Rae1 Bg4
15. Qf2 Bd7 16. h3 b5 17. Bd2 Rae8 18. Nf5 Bd8 19. Nxd6 Nh5 20. Nxe8 Rxe8 21.
e5 Bh4 22. Qf3 Ng3+ 23. Kh2 Nxf1+ 24. Rxf1 Be6 25. Bxe6 Rxe6 26. Ne4 Be7 27.
Bc3 Nh4 28. Qe3 Nf5 29. Qd3 h5 30. Nf6+ gxf6 31. Qxf5 fxe5 32. Bxe5 Qd8 33.
Qxh5 Bf6 34. Rf3 Bxe5 35. fxe5 Rg6 36. Qf5 Qe7 37. Rd3 Qh4 38. Rf3 Qe7 39. Rd3
Qh4 40. Qf3 Qg5 41. Qe2 Qf4+ 42. Kh1 Qc1+ 43. Rd1 Qxb2 44. Rf1 Qxa2 45. Rf6
Qa1+ 46. Kh2 Rxf6 47. exf6 Qxf6 48. Qg4+ Qg6 49. Qc8+ Kg7 50. Qxa6 Qxc2 51.
Qa1+ Kh7 52. Qd4 Qc4 53. Qe5 Qd5 54. Qf4 c5 55. Qh4+ Kg7 56. Qg4+ Kf6 57. Qh4+
Ke6 58. Qh6+ f6 59. Qh8 Qe5+ 60. Kh1 c4 61. Qe8+ Kd6 62. Qb8+ Kc5 63. Qf8+ Kd4
64. Qb4 Kd3 65. Qb1+ Kd2 66. Qb4+ c3 0-1

[Event "Mechanics' Winter TNM; 30/90, SD/30"]
[Site "San Francisco"]
[Date "2012.02.14"]
[Round "7.14"]
[White "Dembling, Arthur"]
[Black "Grey, Peter"]
[Result "0-1"]
[WhiteElo "1736"]
[BlackElo "2000"]
[PlyCount "76"]
[EventDate "2012.??.??"]

1. e4 e5 2. Nf3 Nc6 3. Bb5 a6 4. Bxc6 dxc6 5. O-O Bd6 6. d4 exd4 7. Qxd4 f6 8.
Be3 Be6 9. Nbd2 Ne7 10. Rad1 Ng6 11. Qc3 Qe7 12. Nc4 Bxc4 13. Qxc4 O-O-O 14.
Rfe1 Rhe8 15. Bd2 Qe6 16. Qxe6+ Rxe6 17. Bc3 Rde8 18. Nd2 b5 19. b3 Bf4 20. f3
Rd8 21. g3 Be5 22. Bxe5 Nxe5 23. Kf2 Red6 24. Ke2 Rxd2+ 25. Rxd2 Rxd2+ 26. Kxd2
Nxf3+ 27. Ke2 Nxe1 28. Kxe1 Kd7 29. Ke2 Kd6 30. Kd3 Ke5 31. Ke3 c5 32. c3 h5
33. h3 a5 34. g4 hxg4 35. hxg4 g5 36. Kf3 b4 37. cxb4 cxb4 38. Ke3 c6 0-1

[Event "Mechanics' Summer TNM; 30/90, SD/30"]
[Site "San Francisco"]
[Date "2012.06.26"]
[Round "6.22"]
[White "Dembling, Arthur"]
[Black "James, Charles"]
[Result "1-0"]
[WhiteElo "1708"]
[BlackElo "1475"]
[PlyCount "90"]
[EventDate "2012.??.??"]

1. e4 e6 2. d4 d5 3. e5 c5 4. c3 Nc6 5. Be3 Qb6 6. Qd2 Bd7 7. Nf3 Nh6 8. Bd3
Nf5 9. O-O cxd4 10. cxd4 Nfxd4 11. Nxd4 Nxe5 12. Nb3 Bb4 13. Nc3 Qd6 14. Be2 a6
15. a3 Bxc3 16. Qxc3 Rc8 17. Qd2 O-O 18. Rac1 b6 19. Qd4 Rb8 20. Rc3 Nc6 21.
Qd2 e5 22. Rd3 Be6 23. f3 d4 24. Bf2 Bf5 25. Rc3 Rfd8 26. Rcc1 d3 27. Bd1 Qg6
28. Rc3 e4 29. fxe4 Bxe4 30. Bg3 Rb7 31. Bf3 f5 32. Qe3 Ne7 33. Nd2 Nd5 34. Qd4
Rbd7 35. Rcc1 Nf4 36. Qc4+ Nd5 37. Bxe4 fxe4 38. Nxe4 Kh8 39. Rf3 Nf6 40. Nxf6
gxf6 41. Rd1 d2 42. Bf4 Qb1 43. Rxb1 d1=Q+ 44. Rxd1 Rxd1+ 45. Rf1 R8d4 1-0

[Event "Mechanics' Spring TNM; 30/90, SD/30"]
[Site "San Francisco"]
[Date "2012.03.20"]
[Round "2.13"]
[White "Dembling, Arthur"]
[Black "Lee, Andy"]
[Result "0-1"]
[WhiteElo "1687"]
[BlackElo "2279"]
[PlyCount "108"]
[EventDate "2012.??.??"]

1. e4 e5 2. Nf3 Nc6 3. Bb5 a6 4. Bxc6 dxc6 5. O-O f6 6. d4 Bg4 7. c3 Bd6 8.
dxe5 fxe5 9. Be3 Nf6 10. Nbd2 Qe7 11. Qc2 O-O 12. h3 Be6 13. Rad1 Nh5 14. Ng5
Bd7 15. Nc4 Kh8 16. Qd2 Nf4 17. Nxd6 Qxg5 18. Bxf4 exf4 19. Nf5 Bxf5 20. exf5
Qxf5 21. f3 Rae8 22. Rfe1 h6 23. Rxe8 Rxe8 24. Re1 Qc5+ 25. Kf1 Qc4+ 26. Kf2
Qc5+ 27. Kf1 Rxe1+ 28. Qxe1 Qc4+ 29. Kf2 Qxa2 30. Qe8+ Qg8 31. Qe5 Qf7 32. Qe4
a5 33. Qd4 b6 34. Qd8+ Kh7 35. Qd3+ Qg6 36. Qd2 Qd6 37. Qc2+ g6 38. Qe2 Kg7 39.
Ke1 Kf7 40. Kf1 b5 41. Kf2 Qc5+ 42. Kf1 Qc4 43. Qxc4+ bxc4 44. Kf2 Ke6 45. h4
Kf5 46. g4+ fxg3+ 47. Kxg3 g5 48. hxg5 hxg5 49. Kg2 Kf4 50. Kf2 a4 51. Ke2 Kg3
52. Ke3 Kg2 53. Ke2 c5 54. Ke1 Kxf3 0-1

[Event "Mechanics' Summer TNM; 30/90, SD/30"]
[Site "San Francisco"]
[Date "2012.06.12"]
[Round "4.22"]
[White "Dembling, Arthur"]
[Black "Mar, Henry"]
[Result "1-0"]
[WhiteElo "1708"]
[BlackElo "1505"]
[Annotator "Donaldson"]
[PlyCount "83"]
[EventDate "2012.??.??"]

1. e4 c6 2. d4 d5 3. exd5 cxd5 4. c4 Nf6 5. Nc3 e6 6. Nf3 Be7 7. Bd3 O-O 8. O-O
b6 9. cxd5 exd5 10. Re1 Ba6 $4 11. Bxa6 Nxa6 12. Qe2 $1 Nb4 13. a3 $4 (13. Qxe7
Nc2 14. Qxd8 Raxd8 15. Bg5 $18) 13... Nc6 14. Bg5 h6 15. Bh4 Re8 16. Rad1 Qd7
17. Qd3 Rad8 18. h3 Nh5 19. Bxe7 Rxe7 20. Rxe7 Nxe7 21. Ne5 Qe6 22. Qf3 Nf6 23.
Re1 Qf5 24. Qe3 Ng6 25. Re2 Nf4 26. Re1 Qg5 27. Qf3 Qf5 $4 (27... Ne6 $11) 28.
Nc6 $1 Rd7 29. Re5 Nxh3+ 30. Qxh3 Qc2 31. Re2 Qc1+ 32. Kh2 Qf4+ 33. Qg3 Ng4+
34. Kh3 Qxg3+ 35. Kxg3 Nf6 36. Re5 Kf8 37. Kf3 a5 38. Re3 g5 39. Ne5 Re7 40.
Ng4 Ng8 41. Nxd5 Rd7 42. Re5 {White is winning and did so on move 61.} 1-0

[Event "Mechanics' Mar TNM; 30/90, SD/30"]
[Site "San Francisco"]
[Date "2012.07.31"]
[Round "1.4"]
[White "Dembling, Arthur"]
[Black "Margulis, Igor"]
[Result "0-1"]
[WhiteElo "1732"]
[BlackElo "2100"]
[PlyCount "76"]
[EventDate "2012.??.??"]

1. e4 c5 2. Nf3 Nc6 3. Bb5 g6 4. Bxc6 bxc6 5. O-O Bg7 6. d3 Rb8 7. Nc3 d6 8.
Qe1 Bg4 9. Nd2 e5 10. b3 Ne7 11. Nc4 O-O 12. Ne3 Be6 13. Na4 f5 14. Bb2 f4 15.
Nc4 g5 16. f3 Ng6 17. Qa5 Qe7 18. Ba3 Rfc8 19. Rab1 g4 20. Qe1 gxf3 21. Rxf3
Nh4 22. Rf2 Kh8 23. Nd2 Bf6 24. Qe2 Rg8 25. Kh1 Bg4 26. Nf3 Rg6 27. Rg1 Rbg8
28. Rff1 Rh6 29. Bc1 Qe6 30. Bd2 Qf7 31. Be1 Qh5 32. Nb2 Rgg6 33. Nc4 Be7 34.
Ncd2 Re6 35. Bxh4 Bxh4 36. Qd1 Bg3 37. h3 Bxh3 38. Nh2 Bg4 0-1

[Event "Mechanics' Winter TNM; 30/90, SD/30"]
[Site "San Francisco"]
[Date "2012.01.03"]
[Round "1.4"]
[White "Dembling, Arthur"]
[Black "McCann, Jeff"]
[Result "1-0"]
[WhiteElo "1562"]
[BlackElo "2058"]
[Annotator "Donaldson"]
[PlyCount "115"]
[EventDate "2012.??.??"]

1. e4 e6 2. d4 d5 3. e5 c5 4. c3 Nc6 5. Be3 Qb6 6. Qd2 Nh6 7. Bd3 Bd7 8. Ne2 c4
9. Bxc4 dxc4 10. d5 Bc5 11. dxc6 Bxc6 12. Bxc5 Qxc5 13. Qd4 Qxd4 $2 (13... Qb5
$1 $17) 14. Nxd4 Bxg2 15. Rg1 Be4 16. Nd2 Bg6 $2 (16... Bd3 $11) 17. Nxc4 O-O
18. O-O-O Rfc8 19. Nd6 Rc7 20. f4 (20. Kd2 Nf5 21. N6xf5 Bxf5 22. Ke3) 20... a6
21. Rg3 Nf5 22. N6xf5 Bxf5 23. Nxf5 exf5 24. Rd4 $14 Kf8 25. Rgd3 Ke7 26. Kd2
Rac8 27. Ke3 f6 28. exf6+ Kxf6 29. Rd6+ Ke7 30. Kf2 g6 31. Kg3 Ke8 32. Kh4 Re7
33. Rd2 Kf7 34. Kg5 Kg7 35. Kh4 Rc4 36. Kg3 Rce4 37. Rd7 Re3+ 38. Kf2 Kf7 39.
Rxe7+ Rxe7 40. Kf3 Kg7 41. c4 Kh6 42. Rd5 Kh5 43. b3 Kh4 44. Rd2 Kh3 45. b4 Kh4
46. h3 g5 47. fxg5 Kxg5 48. Rd4 h6 49. c5 h5 50. h4+ Kf6 51. Kf4 Rg7 52. Rd6+
Ke7 53. Kxf5 Rg4 54. Rb6 Rxh4 55. Rxb7+ Kd8 56. Kg5 Rh2 57. a4 Ra2 58. a5 1-0

[Event "Mechanics' Mar TNM; 30/90, SD/30"]
[Site "San Francisco"]
[Date "2012.09.04"]
[Round "6.17"]
[White "Dembling, Arthur"]
[Black "Olson, David"]
[Result "0-1"]
[WhiteElo "1732"]
[BlackElo "1400"]
[PlyCount "58"]
[EventDate "2012.??.??"]

1. e4 e5 2. Nf3 d6 3. Bc4 Nf6 4. d3 Bg4 5. Nc3 Nc6 6. h3 Be6 7. Bxe6 fxe6 8.
Be3 d5 9. exd5 exd5 10. Bg5 Bb4 11. Bd2 a6 12. Qe2 Qd6 13. O-O O-O-O 14. a3 Bc5
15. Na4 Ba7 16. b4 Rde8 17. Qd1 e4 18. Ng5 Rhf8 19. dxe4 dxe4 20. h4 h6 (20...
Qg3 21. -- Qxh4 $140) 21. Nh3 h5 22. c4 Ng4 23. g3 Rf3 (23... Qxg3+ 24. Kh1
Qh2#) 24. Bf4 Qe6 (24... Rxg3+ 25. Kh1 (25. Bxg3 Qxg3+ 26. Kh1 Qh2#) 25...
Rxh3+ 26. Kg2 Qxf4 $18) 25. Qe2 Nd4 26. Qa2 e3 27. fxe3 Nxe3 28. Rxf3 Nxf3+ 29.
Kh1 Qxh3+ 0-1

[Event "Mechanics' Summer TNM; 30/90, SD/30"]
[Site "San Francisco"]
[Date "2012.05.29"]
[Round "2.23"]
[White "Dembling, Arthur"]
[Black "Rakonitz, David"]
[Result "1-0"]
[WhiteElo "1708"]
[BlackElo "1495"]
[PlyCount "79"]
[EventDate "2012.??.??"]

1. e4 e6 2. d4 d5 3. e5 c5 4. c3 Qb6 5. Nf3 Nc6 6. Be2 Bd7 7. O-O f6 8. exf6
Nxf6 9. Na3 a6 10. Rb1 cxd4 11. Bd2 Bd6 12. Nc2 dxc3 13. Bxc3 O-O 14. Ne3 Ne4
15. Be1 Rac8 16. Nxd5 Qd8 17. Nc3 Nxc3 18. Bxc3 Bb8 19. Qb3 Qc7 20. g3 Kh8 21.
Kg2 b5 22. Rbc1 Qb7 23. a3 Be5 24. Kg1 Bxc3 25. Rxc3 e5 26. Ng5 Bf5 27. Bf3 h6
28. Ne4 Bxe4 29. Bxe4 Qb6 30. Qe6 Qd4 31. Qg6 Kg8 32. Rxc6 Rxc6 33. Qxc6 Rd8
34. Rc1 Kf8 35. Qc2 Ke7 36. Bf3 Qd3 37. Qc7+ Rd7 38. Qxe5+ Kd8 39. Qb8+ Ke7 40.
Re1+ 1-0

[Event "Mechanics' Mar TNM; 30/90, SD/30"]
[Site "San Francisco"]
[Date "2012.08.14"]
[Round "3.30"]
[White "Dembling, Arthur"]
[Black "Rubandas, Samprabhu"]
[Result "1-0"]
[WhiteElo "1732"]
[BlackElo "1303"]
[PlyCount "83"]
[EventDate "2012.??.??"]

1. e4 e5 2. Nf3 Nc6 3. Bb5 a6 4. Bxc6 bxc6 5. O-O d6 6. d4 exd4 7. Nxd4 Bb7 8.
Nc3 Nf6 9. Re1 Be7 10. Nf5 O-O 11. e5 Nd5 12. Nxe7+ Qxe7 13. exd6 Qxd6 14. Ne4
Qg6 15. Nc5 Bc8 16. c3 Bh3 17. Qf3 Bg4 18. Qg3 Rae8 19. Bd2 f5 20. f3 Bh5 21.
Qxg6 Bxg6 22. Nd7 Rxe1+ 23. Rxe1 Rd8 24. Ne5 Re8 25. Nxc6 Rxe1+ 26. Bxe1 f4 27.
Bd2 Be8 28. Nd4 g5 29. Kf2 Kf7 30. c4 c5 31. Nf5 Nb4 32. Bxb4 cxb4 33. Nd6+ Ke7
34. Nxe8 Kxe8 35. Ke2 Kd7 36. b3 Kc6 37. Kd3 Kd6 38. Kd4 Ke6 39. h4 Kf6 40.
hxg5+ Kxg5 41. Ke5 a5 42. c5 1-0

[Event "Mechanics' Fall TNM; 30/90, SD/30"]
[Site "San Francisco"]
[Date "2012.11.06"]
[Round "4.13"]
[White "Donnelly, Parick"]
[Black "Hakobyan, Sos"]
[Result "0-1"]
[WhiteElo "1647"]
[BlackElo "1880"]
[PlyCount "140"]
[EventDate "2012.??.??"]

1. e4 e6 2. d4 d5 3. Nc3 Bb4 4. e5 c5 5. a3 Bxc3+ 6. bxc3 Ne7 7. Nf3 Nbc6 8.
Bg5 Qa5 9. Bd2 cxd4 10. cxd4 Qc7 11. Bd3 Bd7 12. O-O h6 13. c3 a6 14. Ne1 b5
15. Nc2 Na5 16. Ne3 Nc4 17. Bxc4 dxc4 18. f4 g6 19. Be1 Bc6 20. Ra2 Be4 21.
Rff2 h5 22. a4 Rb8 23. axb5 axb5 24. Ra1 Nf5 25. Nxf5 gxf5 26. Rfa2 Kd7 27. Bh4
Bb7 28. Qb1 Qc6 29. Qb4 Rhg8 30. Qe7+ Kc8 31. Bg5 Qc7 32. Qxc7+ Kxc7 33. Kf2
Bc6 34. Ke3 Kb6 35. g3 Rg6 36. Rb2 Rbg8 37. Rb4 Ra8 38. Rxa8 Bxa8 39. Rb1 Rg8
40. Be7 Rg7 41. Ra1 Bb7 42. Kd2 Kc6 43. Kc2 Kd5 44. Re1 Rg8 45. Kb2 Rc8 46. Bc5
h4 47. Ra1 hxg3 48. hxg3 Rg8 49. Ra7 Kc6 50. Be7 Rxg3 51. Bg5 Kb6 52. Ra1 Rg2+
53. Ka3 Rc2 54. Kb4 Rb2+ 55. Ka3 Rb3+ 56. Ka2 Rxc3 57. Rd1 Rd3 58. Rxd3 cxd3
59. Kb2 Be4 60. Kc3 b4+ 61. Kd2 Kb5 62. Be7 Kc4 63. Bc5 b3 64. Ba3 Bf3 65. Bb2
Be2 66. Bc3 Kd5 67. Kc1 Ke4 68. Kb2 Kxf4 69. Kxb3 Ke3 70. Kb2 d2 0-1

[Event "Mechanics' Fall TNM; 30/90, SD/30"]
[Site "San Francisco"]
[Date "2012.10.23"]
[Round "2.24"]
[White "Donnelly, Parick"]
[Black "Harris, Clarence"]
[Result "1-0"]
[WhiteElo "1647"]
[BlackElo "1323"]
[PlyCount "61"]
[EventDate "2012.??.??"]

1. e4 e5 2. Nf3 Nc6 3. Bb5 a6 4. Ba4 Nf6 5. O-O Be7 6. Re1 b5 7. Bb3 O-O 8. c3
d5 9. exd5 Nxd5 10. Nxe5 Nxe5 11. Rxe5 c6 12. d4 Bd6 13. Re1 Qh4 14. g3 Qh3 15.
Re4 g5 16. Nd2 Bf5 17. Re1 Rae8 18. Rxe8 Rxe8 19. Nf3 Be4 20. Bd2 Nf6 21. Bxf7+
Kg7 22. Bxe8 Nxe8 23. Qe2 Qg4 24. Kg2 Nf6 25. h3 Qf5 26. Qe3 Kg6 27. Qxg5+ Qxg5
28. Bxg5 Bxf3+ 29. Kxf3 Kxg5 30. Re1 Kg6 31. Re6 1-0

[Event "Mechanics' Fall TNM; 30/90, SD/30"]
[Site "San Francisco"]
[Date "2012.12.11"]
[Round "9.13"]
[White "Donnelly, Parick"]
[Black "Melville, Cailen"]
[Result "0-1"]
[WhiteElo "1647"]
[BlackElo "1806"]
[Annotator "Donaldson"]
[PlyCount "44"]
[EventDate "2012.??.??"]

1. e4 e6 2. d4 b6 3. Nc3 Bb7 4. a3 Ne7 5. Nf3 d6 6. Be3 g6 7. Qd2 h6 8. Be2 Nd7
9. O-O-O Bg7 10. h4 a6 11. g4 b5 12. Ne1 c6 13. f4 d5 14. e5 a5 15. h5 Qb6 16.
hxg6 fxg6 17. Nf3 a4 18. Na2 Rc8 19. Bd3 c5 20. Nh4 b4 21. dxc5 Nxc5 22. axb4
$4 (22. Bxc5 Rxc5 23. axb4 Rc7 24. Nxg6 {and White should win.}) 22... Nb3+ 0-1

[Event "Mechanics' Fall TNM; 30/90, SD/30"]
[Site "San Francisco"]
[Date "2012.11.20"]
[Round "6.17"]
[White "Donnelly, Parick"]
[Black "Shnaiderman, Lazar"]
[Result "1/2-1/2"]
[WhiteElo "1647"]
[BlackElo "1851"]
[PlyCount "67"]
[EventDate "2012.??.??"]

1. e4 c5 2. Nf3 g6 3. d4 cxd4 4. Nxd4 Nc6 5. Nc3 Bg7 6. Be3 Nf6 7. f3 O-O 8.
Qd2 d5 9. O-O-O dxe4 10. Nxe4 Nxe4 11. fxe4 Nxd4 12. Bxd4 Qxd4 13. Qxd4 Bxd4
14. Rxd4 Be6 15. Bc4 Bxc4 16. Rxc4 Rac8 17. Rd4 Rfd8 18. Rhd1 Rxd4 19. Rxd4 Rc7
20. Kd2 Kg7 21. c3 Kf6 22. Ke3 Ke6 23. a4 a5 24. Kd3 Rc5 25. b4 Rg5 26. g3 Rh5
27. h4 Re5 28. Rc4 Kd7 29. g4 f6 30. Kd4 b6 31. bxa5 Rxa5 32. Rb4 Kc6 33. Rc4+
Kd6 34. Rb4 1/2-1/2

[Event "Mechanics' Winter TNM; 30/90, SD/30"]
[Site "San Francisco"]
[Date "2012.01.17"]
[Round "3.10"]
[White "Donnelly, Patrick"]
[Black "Byambaa, Uyanga"]
[Result "0-1"]
[WhiteElo "1556"]
[BlackElo "2027"]
[PlyCount "72"]
[EventDate "2012.??.??"]

1. e4 c5 2. Nf3 d6 3. d4 cxd4 4. Nxd4 a6 5. Nc3 Nf6 6. Be3 e5 7. Nb3 Be6 8. Be2
Nbd7 9. Qd2 Be7 10. O-O-O Qc7 11. f4 b5 12. f5 Bxb3 13. axb3 Rc8 14. Bf3 Nc5
15. b4 Na4 16. Nxa4 bxa4 17. Kb1 O-O 18. g4 Qc4 19. Bg5 Nxe4 20. Bxe4 Bxg5 21.
Qxg5 Qxe4 22. Qd2 Rc4 23. Rhe1 Qxg4 24. f6 Qg6 25. fxg7 Rfc8 26. Rc1 Rd4 27.
Qe2 Rxb4 28. Qxa6 Rcb8 29. Rg1 Rxb2+ 30. Ka1 Qe4 31. Qxd6 Ra2+ 32. Kxa2 Qc4+
33. Ka3 Rb3+ 34. Ka2 Rb4+ 35. Ka1 Qc3+ 36. Ka2 Qb2# 0-1

[Event "Mechanics' Winter TNM; 30/90, SD/30"]
[Site "San Francisco"]
[Date "2012.01.31"]
[Round "5.20"]
[White "Donnelly, Patrick"]
[Black "Cowgill, Jackie"]
[Result "1-0"]
[WhiteElo "1556"]
[BlackElo "848"]
[PlyCount "47"]
[EventDate "2012.??.??"]

1. e4 e5 2. Nf3 Nc6 3. Bc4 Bc5 4. c3 Nf6 5. d4 exd4 6. cxd4 Bb4+ 7. Nc3 d5 8.
exd5 Nxd5 9. O-O O-O 10. Nxd5 Bd6 11. Bg5 Ne7 12. Re1 Be6 13. Nxe7+ Bxe7 14.
Bxe7 Qxe7 15. d5 Rad8 16. Qb3 Rd6 17. dxe6 fxe6 18. Bxe6+ Kh8 19. Bg8 Qd7 20.
Ne5 Qd8 21. Nf7+ Rxf7 22. Qxf7 Rd7 23. Qh5 Kxg8 24. Re8+ 1-0

[Event "Mechanics' Winter TNM; 30/90, SD/30"]
[Site "San Francisco"]
[Date "2012.01.10"]
[Round "2.17"]
[White "Donnelly, Patrick"]
[Black "Grey, Peter"]
[Result "1-0"]
[WhiteElo "1556"]
[BlackElo "2000"]
[PlyCount "107"]
[EventDate "2012.??.??"]

1. e4 c5 2. Nf3 Nc6 3. d4 cxd4 4. Nxd4 Nf6 5. Nc3 e6 6. Bg5 d6 7. Bc4 Be7 8. f4
h6 9. Nxc6 bxc6 10. Bh4 Qb6 11. Bxf6 Bxf6 12. Qxd6 Qe3+ 13. Ne2 Qxe4 14. Bd3
Qxg2 15. O-O-O Qd5 16. Qb4 Be7 17. Qc3 Bf6 18. Qb4 a5 19. Qa3 Rb8 20. Nc3 Qd4
21. f5 Qb4 22. fxe6 Bxe6 23. Qxb4 Rxb4 24. a3 Rb6 25. Na4 Rb8 26. Be4 O-O 27.
Rd6 Bg5+ 28. Kb1 Be7 29. Rd3 c5 30. Rg1 c4 31. Rdg3 Bf6 32. c3 Rfd8 33. Kc2 Rb5
34. Rf3 Kf8 35. Rgf1 Re5 36. Re3 Bg5 37. Re2 Bg4 38. Ree1 Rd2+ 39. Kb1 Rxh2 40.
Nb6 Be6 41. Bc6 Rxe1+ 42. Rxe1 Ke7 43. Nxc4 Kd8 44. Nxa5 Kc7 45. b4 h5 46. c4
h4 47. c5 h3 48. b5 Bd2 49. b6+ Kb8 50. Re5 Bxa5 51. Rh5 Bc3 52. Rh8+ Bc8 53.
Kc1 Ra2 $4 (53... g6 54. Rg8 Bd2+ 55. Kd1 (55. Kb1 $11) 55... Ba5 56. b7 Rd2+
57. Kc1 Rd8 58. bxc8=Q+ Rxc8 59. Rxc8+ Kxc8 $19) 54. b7 1-0

[Event "Mechanics' Fall TNM; 30/90, SD/30"]
[Site "San Francisco"]
[Date "2012.10.30"]
[Round "3.20"]
[White "Dougal, Michael"]
[Black "Hilliard, Michael"]
[Result "1/2-1/2"]
[WhiteElo "1803"]
[BlackElo "1460"]
[PlyCount "120"]
[EventDate "2012.??.??"]

1. e4 c6 2. d4 d5 3. exd5 cxd5 4. Bd3 Nf6 5. Bf4 Bg4 6. Nf3 e6 7. Nbd2 Bd6 8.
Bxd6 Qxd6 9. c3 O-O 10. Qc2 Nbd7 (10... Nc6 11. O-O Rfc8 12. Rfe1 (12. a3 Rab8
13. Rfe1 Bh5 14. Ne5 Bg6 15. Nxg6 hxg6 16. Nf3 b5) 12... Nb4) 11. O-O e5 (11...
Rab8) 12. Nxe5 Nxe5 13. dxe5 Qxe5 14. Rae1 Qd6 15. Nb3 Rae8 16. Qb1 Be6 (16...
Bh5 17. Nd4 Bg6) 17. Nd4 a6 18. Re3 g6 19. Rfe1 Ng4 20. Rg3 Ne5 21. Qc1 Nxd3
22. Rxd3 Bd7 23. Rde3 Rxe3 24. Rxe3 Re8 25. Rd3 Re5 26. Qd1 Bc6 27. Nf3 Re7 28.
Qd2 Qd8 29. Re3 Qe8 30. Kf1 Rxe3 31. Qxe3 Qxe3 32. fxe3 f6 $1 33. Nd4 Kf7 34.
Ke2 Ke7 35. Kd3 Bd7 36. Nb3 b6 $1 37. Nd2 Ke6 38. Kd4 g5 $1 39. Nf3 Kd6 40. b3
b5 $2 (40... a5) 41. Nd2 Be6 42. b4 g4 $2 43. g3 h5 44. Nb3 Bc8 45. Nc5 Kc6 46.
Nd3 (46. e4 $1 dxe4 47. Nxe4 f5 48. Nf6) 46... Be6 47. Nf4 Bf7 48. a3 (48. e4
$1 dxe4 49. Kxe4 Bxa2 50. Nxh5) 48... Kd6 49. Nd3 Be6 50. Nc5 Bc8 51. Nb3 Bf5
52. Nc1 Bg6 53. Ne2 Bf7 54. Nc1 Be6 55. Nb3 Bc8 56. Nd2 Bf5 57. Nb3 Bc8 58. Nc5
Kc6 59. Nd3 (59. e4 $1) 59... Be6 60. Nc5 Bc8 1/2-1/2

[Event "Mechanics' Fall TNM; 30/90, SD/30"]
[Site "San Francisco"]
[Date "2012.12.11"]
[Round "9.9"]
[White "Doyle, Bryon"]
[Black "Maser, Thomas"]
[Result "0-1"]
[WhiteElo "1880"]
[BlackElo "1990"]
[PlyCount "102"]
[EventDate "2012.??.??"]

1. e4 e5 2. Nf3 Nc6 3. Bc4 Nf6 4. Ng5 d5 5. exd5 Na5 6. Bb5+ c6 7. dxc6 bxc6 8.
Qf3 Qb6 9. Bd3 Be7 10. Nc3 O-O 11. b3 Bb7 12. Bb2 c5 13. Qf5 c4 14. Be4 g6 15.
Qh3 Nh5 16. g4 Bxg5 17. gxh5 Bxd2+ 18. Kxd2 Qd4+ 19. Kc1 Bxe4 20. Nxe4 Qxe4 21.
Rd1 Rac8 22. Qe3 Qxe3+ 23. fxe3 cxb3 24. Bxe5 Rxc2+ 25. Kb1 Rfc8 26. axb3 Nxb3
27. Rxa7 Nd2+ 28. Ka1 Nb3+ 29. Kb1 Nd2+ 30. Ka1 Nc4 31. Bf4 Re2 32. Rc1 Rd8 33.
Bc7 Rd7 34. h6 f5 35. e4 Rxe4 36. Ra8+ Kf7 37. Rh8 Ke6 38. Re8+ Kd5 39. Rd1+
Kc6 40. Rxd7 Kxd7 41. Rxe4 fxe4 42. Bg3 Ke6 43. Ka2 Kd5 44. Kb3 Kd4 45. Kb4 Kd3
46. Kc5 Ne3 47. Bf4 Nf5 48. Kd5 e3 49. Bxe3 Kxe3 50. Ke5 Nxh6 51. h3 Ng8 0-1

[Event "Mechanics' Spring TNM; 30/90, SD/30"]
[Site "San Francisco"]
[Date "2012.04.10"]
[Round "5.19"]
[White "Drane, Robert"]
[Black "Langrog, Alex"]
[Result "1/2-1/2"]
[WhiteElo "1840"]
[BlackElo "807"]
[PlyCount "83"]
[EventDate "2012.??.??"]

1. e4 c5 2. Nf3 Nc6 3. Bb5 a6 4. Bxc6 bxc6 5. O-O g6 6. d3 Bg7 7. Nc3 Nf6 8.
Be3 d6 9. h3 Nd7 10. Qd2 Ne5 11. Nh2 Rb8 12. Rab1 f5 13. Bh6 Bf6 14. Bg5 Bg7
15. exf5 Bxf5 16. Rbe1 Rb7 17. Re2 Nf7 18. Bh4 Bh6 19. f4 Qc8 20. Bf6 Rg8 21.
Qe1 Bf8 22. g4 g5 23. fxg5 Nxg5 24. Qh4 h6 25. Rxf5 Qxf5 26. gxf5 Nf3+ 27. Kf2
Nxh4 28. Bxh4 Kf7 29. b3 Bg7 30. Ne4 Bd4+ 31. Kf3 d5 32. Ng3 Re8 33. Ng4 Kg7
34. f6+ Kg6 35. fxe7 h5 36. Nxh5 Kxh5 37. Re6 Kxh4 38. Rh6+ Kg5 39. h4+ Kf5 40.
Rxc6 Rbxe7 41. Nh6+ Ke5 42. Ng4+ 1/2-1/2

[Event "Mechanics' Summer TNM; 30/90, SD/30"]
[Site "San Francisco"]
[Date "2012.06.26"]
[Round "6.25"]
[White "Drane, Robert"]
[Black "Lazaro, Fernando"]
[Result "1-0"]
[WhiteElo "1840"]
[BlackElo "1254"]
[PlyCount "65"]
[EventDate "2012.??.??"]

1. e4 e5 2. Nc3 Nf6 3. Bc4 Be7 4. d3 h6 5. f4 d6 6. Nf3 Nbd7 7. O-O O-O 8. f5
a6 9. a4 b6 10. h3 Nc5 11. Be3 Ncd7 12. Qd2 Kh7 13. g4 Ng8 14. Rae1 f6 15. Re2
c6 16. b4 b5 17. Bb3 c5 18. Nd5 Nb6 19. axb5 axb5 20. Rg2 Nxd5 21. Bxd5 Rb8 22.
h4 Bb7 23. c4 Bxd5 24. cxd5 cxb4 25. g5 fxg5 26. hxg5 Qc7 27. Rc1 Qd8 28. gxh6
Nxh6 29. Bxh6 gxh6 30. Rg6 Bg5 31. Nxg5+ Kh8 32. Ne6 Qh4 33. Rxh6+ 1-0

[Event "Mechanics' Summer TNM; 30/90, SD/30"]
[Site "San Francisco"]
[Date "2012.06.12"]
[Round "4.20"]
[White "Drane, Robert"]
[Black "Shi, Jaysen"]
[Result "1/2-1/2"]
[WhiteElo "1840"]
[BlackElo "1537"]
[PlyCount "113"]
[EventDate "2012.??.??"]

1. e4 e6 2. d3 d5 3. Nd2 dxe4 4. dxe4 Nf6 5. Ngf3 Bc5 6. Bd3 Nc6 7. Qe2 e5 8.
c3 Bg4 9. h3 Nh5 10. Nb3 Bxf3 11. Qxf3 Be7 12. Bc4 Nf6 13. Bg5 h6 14. Rd1 Qc8
15. Bh4 O-O 16. O-O Rd8 17. g4 Rxd1 18. Rxd1 g5 19. Bg3 a5 20. Nc5 Bxc5 21.
Qxf6 Qf8 22. Qg6+ Kh8 23. Bxf7 Qg7 24. Qxg7+ Kxg7 25. Rd7 Bd6 26. Bd5+ Kg6 27.
Rf7 Ne7 28. Bxe5 $1 Bxe5 29. Rxe7 Bd6 30. Rf7 c6 31. Rd7 Bc5 32. Be6 Kf6 33.
Bf5 Rb8 34. Rh7 Bf8 35. Kf1 Bg7 36. Ke2 Kf7 37. Be6+ Kg6 38. Bf5+ Kf7 39. f4
gxf4 40. h4 Rh8 41. Rxh8 Bxh8 42. Bc8 b6 43. Bd7 c5 44. Kf3 Bf6 45. Kxf4 Bxh4
46. e5 Bg5+ 47. Ke4 Bc1 48. b3 Bb2 49. c4 Ke7 50. Bf5 Kd8 51. Kd5 Kc7 52. Bg6
Bc1 53. Ke6 Bf4 54. Kf6 Bg5+ 55. Ke6 Bf4 56. Kd5 Bg5 57. Bf5 1/2-1/2

[Event "Mechanics' Spring TNM; 30/90, SD/30"]
[Site "San Francisco"]
[Date "2012.03.27"]
[Round "3.4"]
[White "Drane, Robert"]
[Black "Winslow, Elliott"]
[Result "0-1"]
[WhiteElo "1840"]
[BlackElo "2380"]
[PlyCount "60"]
[EventDate "2012.??.??"]

1. e4 c5 2. Nf3 Nf6 3. Nc3 d6 4. Bb5+ Bd7 5. Bxd7+ Qxd7 6. O-O Nc6 7. d4 cxd4
8. Nxd4 g6 9. Re1 Bg7 10. Bg5 O-O 11. Nxc6 bxc6 12. e5 dxe5 13. Rxe5 Qb7 14.
Qe1 e6 15. b3 Nd5 16. Nxd5 cxd5 17. Re3 Rac8 18. c3 Qc7 19. Rc1 h6 20. Bh4 d4
21. Rd3 dxc3 22. f3 g5 23. Bf2 Rfd8 24. Rxd8+ Rxd8 25. Be3 c2 26. Qe2 Rc8 27.
Kf2 Bb2 28. Qd2 Bxc1 29. Qxc1 Rd8 30. Bxg5 Rd1 0-1